Vinyl ester-based biocomposites / (Record no. 43981)

MARC details
001 - CONTROL NUMBER
control field 22925471
003 - CONTROL NUMBER IDENTIFIER
control field 000
005 - DATE AND TIME OF LATEST TRANSACTION
control field 20251110114417.0
008 - FIXED-LENGTH DATA ELEMENTS--GENERAL INFORMATION
fixed length control field 230111s2023 flu b 001 0 eng
010 ## - LIBRARY OF CONGRESS CONTROL NUMBER
LC control number 2022061068
020 ## - INTERNATIONAL STANDARD BOOK NUMBER
International Standard Book Number 9781032220499
035 ## - SYSTEM CONTROL NUMBER
System control number 22925471
040 ## - CATALOGING SOURCE
Original cataloging agency DLC
Language of cataloging eng
Description conventions rda
Transcribing agency DLC
042 ## - AUTHENTICATION CODE
Authentication code pcc
050 00 - LIBRARY OF CONGRESS CALL NUMBER
Classification number TA 455 .P58 .V57
082 00 - DEWEY DECIMAL CLASSIFICATION NUMBER
Classification number 620.1/18
Edition number 23/eng/20230124
100 ## - MAIN ENTRY--PERSONAL NAME
Personal name Thiagamani, S.M.K. (editor)
245 00 - TITLE STATEMENT
Title Vinyl ester-based biocomposites /
Statement of responsibility, etc Senthil Muthu Kumar Thiagamani, Chandrasekar Muthukumar, Senthilkumar Krishnasamy, Suchart Siengchin.
264 #1 - PUBLICATION, DISTRIBUTION, ETC. (IMPRINT)
Place of publication, distribution, etc Boca Raton :
Name of publisher, distributor, etc CRC Press,
Date of publication, distribution, etc 2024.
300 ## - PHYSICAL DESCRIPTION
Extent xv, 229p. ill.
336 ## - CONTENT TYPE
Content type term text
Content type code txt
Source rdacontent
337 ## - MEDIA TYPE
Media type term unmediated
Media type code n
Source rdamedia
338 ## - CARRIER TYPE
Carrier type term volume
Carrier type code nc
Source rdacarrier
504 ## - BIBLIOGRAPHY, ETC. NOTE
Bibliography, etc Includes bibliographical references and index.
520 ## - SUMMARY, ETC.
Summary, etc "Vinyl Ester-Based Biocomposites provides a comprehensive review on the recent developments, characterization, and applications of natural fiber-reinforced vinyl ester biocomposites. It also addresses the importance of natural fiber reinforcement on the mechanical, thermal, and interfacial properties"--
Assigning source Provided by publisher.
650 #0 - SUBJECT ADDED ENTRY--TOPICAL TERM
Topical term or geographic name as entry element Polymeric composites.
650 #0 - SUBJECT ADDED ENTRY--TOPICAL TERM
Topical term or geographic name as entry element Fibrous composites
General subdivision Materials.
650 #0 - SUBJECT ADDED ENTRY--TOPICAL TERM
Topical term or geographic name as entry element Vinyl ester resins.
650 #0 - SUBJECT ADDED ENTRY--TOPICAL TERM
Topical term or geographic name as entry element Thermoplastic composites.
700 1# - ADDED ENTRY--PERSONAL NAME
Personal name Thiagamani, Senthil Muthu Kumar,
Relator term editor.
700 1# - ADDED ENTRY--PERSONAL NAME
Personal name Muthukumar, Chandrasekar,
Relator term editor.
700 1# - ADDED ENTRY--PERSONAL NAME
Personal name Krishnasamy, Senthilkumar,
Relator term editor.
700 1# - ADDED ENTRY--PERSONAL NAME
Personal name Siengchin, Suchart,
Relator term editor.
906 ## - LOCAL DATA ELEMENT F, LDF (RLIN)
a 7
b cbc
c orignew
d 1
e ecip
f 20
g y-gencatlg
942 ## - ADDED ENTRY ELEMENTS (KOHA)
Source of classification or shelving scheme Library of Congress Classification
Koha item type Books
Holdings
Withdrawn status Lost status Source of classification or shelving scheme Damaged status Not for loan Permanent Location Current Location Date acquired Total Checkouts Full call number Barcode Date last seen Price effective from Koha item type
    Library of Congress Classification     NILE UNIVERSITY OF NIGERIA - MAIN LIBRARY NILE UNIVERSITY OF NIGERIA - MAIN LIBRARY 11/10/2025   TA 455 .P58 .V57 2024 0199445 11/10/2025 11/10/2025 Books
    Library of Congress Classification     NILE UNIVERSITY OF NIGERIA - MAIN LIBRARY NILE UNIVERSITY OF NIGERIA - MAIN LIBRARY 11/10/2025   TA 455 .P58 .V57 2024 0199444 11/10/2025 11/10/2025 Books